[Event "Imre Konig Memorial 1st"]
[Site "San Francisco"]
[Date "2002.09.05"]
[Round "2"]
[White "Shulman, Yuri"]
[Black "Atalik, Suat"]
[Result "1/2-1/2"]
[WhiteElo "2573"]
[BlackElo "2551"]
[Annotator "Atalik,S"]
[PlyCount "73"]
[EventDate "2002.09.04"]
[EventType "tourn"]
[EventRounds "9"]
[EventCountry "USA"]
[EventCategory "12"]
[SourceTitle "CBM 092"]
[Source "ChessBase"]
[SourceDate "2003.02.06"]
[SourceVersion "1"]
[SourceVersionDate "2003.02.06"]
[SourceQuality "1"]

1. d4 Nf6 2. c4 e6 3. Nc3 d5 4. Nf3 dxc4 5. e4 Bb4 6. Bg5 c5 7. Bxc4 cxd4 8.
Nxd4 Qa5 $5 {I prefer this to the other line.Why should I give my bishop to
early?} (8... Bxc3+ 9. bxc3 Qa5) 9. Bb5+ $6 {Anything rather than 9.Bd2 does
not fit into whites game plan.} (9. Bd2 $142) 9... Bd7 10. Bxf6 gxf6 11. Qd3 $6
{A very weird move.} Bxc3+ 12. bxc3 a6 13. Bxd7+ Nxd7 14. Nb3 {Draw offer.} (
14. O-O) 14... Qc7 15. O-O Ne5 (15... Rc8 16. Rfd1 Ne5 17. Qg3 Ng6 18. Qe3 Ke7
{As Alex pointed out in my preparation Blacks king belongs to the center.}) 16.
Qe3 O-O-O {However I was fascinated with the idea of castling long in many
lines.} (16... Ng4 17. Qh3 Qf4 $5) 17. Rfd1 Ng4 18. Qc5 Kb8 (18... b6 {I have
rejected this because I have thought that white could change his mind up about
swaping the queens due to the weakening of queenside.} 19. Qh5 Qf4 20. Qh4 (20.
Qxf7 Qxf2+ 21. Kh1 Qf4 22. Qxe6+ Kc7 23. Qe7+ Kc8 $11) 20... Qg5 (20... Rxd1+
$2 21. Rxd1 Qxe4 22. h3 $18) 21. Qh3 (21. Qg3 Ne5) 21... Qf4 $11) 19. Qxc7+ {
This endgame appealed to me during the game but things are not that clear.} (
19. g3 Ne5) (19. Qh5 Rdg8) 19... Kxc7 20. Rd4 Ne5 21. Rad1 Nc6 22. Rxd8 Rxd8
23. Rxd8 Nxd8 $15 {I was licking my chops around here but white did have some
ressources and near the end I came close to spoil the things.} 24. Kf1 Kc6 {
Throwing the king forward all the way to the queens flank was what I was
relying on.} (24... Kd6 25. Ke2 Nc6 26. f4 $11) 25. Ke2 Kb5 26. Kd3 e5 $1 {
This is good since I would like to use my knight in operations around whites
kingside.} 27. Kc2 Ne6 28. Nd2 Ka4 ({I did not like} 28... Nc5 29. f3 Ka4 30.
Nc4 b5 31. Ne3 ({because after} 31. Nd6 Ka3 32. Nxf7 Kxa2 33. Nd6 {I could not
support my a5 thrust enough however this turned out to be completely
irrelevant with the position.})) 29. Nc4 b5 30. Ne3 $1 {This escaped from my
attention and had a cold shower effect on me.} ({After} 30. Nd6 {black has
some advantage in all the following lines.} Ka3 31. Kb1 (31. Nxf7 Kxa2 32. Nd6
Nc7 33. Nb7 Ka3) (31. Ne8 Kxa2 32. Nxf6 a5 33. Nd5) 31... Nf4 32. c4 bxc4 33.
Nxc4+ Kb4 $17) 30... Nf4 31. h4 (31. f3 Ka3 32. Kb1 a5 $11) 31... Ka3 32. Kb1
a5 33. f3 h6 {Not anymore very optimistic about my game,I have became too
cautious.} (33... b4 34. cxb4 (34. c4 Nd3) 34... axb4 35. Nc2+ Ka4 36. Ne3 $11)
34. Nc2+ {Yura decided to end the game peacefully but I think his decision is
justified.} (34. Ka1 $2 Ne2 35. c4 b4 36. c5 Nd4 37. Nf5 Nc2+ $1 38. Kb1 b3 39.
axb3 Kxb3 40. c6 a4 41. Ne3 Nxe3 42. c7 a3 43. c8=Q a2+ 44. Ka1 Nc2+ $19) 34...
Ka4 35. Ne3 Ka3 36. Nc2+ Ka4 37. Ne3 1/2-1/2

[Event "Leonid Stein Memorial-B"]
[Site "Lvov"]
[Date "2000.05.16"]
[Round "5"]
[White "Atalik, Suat"]
[Black "Maksimenko, Andrei"]
[Result "1/2-1/2"]
[WhiteElo "2575"]
[BlackElo "2495"]
[Annotator "Atalik,S"]
[PlyCount "36"]
[EventDate "2000.05.12"]
[EventType "tourn"]
[EventRounds "10"]
[EventCountry "UKR"]
[EventCategory "10"]
[SourceTitle "EXT 2002"]
[Source "ChessBase"]
[SourceDate "2001.11.25"]
[SourceVersion "1"]
[SourceVersionDate "2001.11.25"]
[SourceQuality "1"]

1. d4 Nf6 2. Nf3 d5 3. c4 e6 4. Nc3 dxc4 5. e4 Bb4 6. Bg5 c5 7. Bxc4 cxd4 8.
Nxd4 Bxc3+ 9. bxc3 Qa5 10. Bb5+ Bd7 11. Bxf6 gxf6 12. Qb3 O-O 13. O-O Qb6 14.
Rad1 $6 (14. Rfd1 Nc6 15. Bxc6 Bxc6 (15... Qxb3 16. axb3 Bxc6 17. Nxc6 $16) 16.
Qc2 Rfd8 17. Qe2 Qc5 18. Rd3 $40) 14... Nc6 15. Bxc6 Qxb3 $1 (15... Bxc6 16.
Qc2 Qc5 $13) 16. axb3 Bxc6 17. f3 Rfc8 18. Rf2 a5 (18... Be8 $1 19. Rd3 $1 (19.
c4 $6 a5 20. Ra2 a4 21. Rdd2 (21. Rda1 Ra6 (21... axb3 22. Rxa8 Rxa8 23. Nxb3)
22. bxa4 Rxc4 23. Nb5 Bxb5 24. axb5 Rxa2 25. Rxa2 Rb4 $15) 21... Ra6 22. bxa4
Rxa4 23. Rxa4 Bxa4 $17)) (18... a5 19. Ra2 b5 20. Kf2 Be8 21. Rd3 $11) 1/2-1/2

[Event "Baden-Baden op"]
[Site "Baden-Baden"]
[Date "2003.07.27"]
[Round "6"]
[White "Atalik, Suat"]
[Black "Schenk, Andreas"]
[Result "1-0"]
[WhiteElo "2599"]
[BlackElo "2491"]
[Annotator "Atalik,S"]
[PlyCount "171"]
[EventDate "2003.07.24"]
[EventType "swiss"]
[EventRounds "9"]
[EventCountry "GER"]
[SourceTitle "CBM 096"]
[Source "ChessBase"]
[SourceDate "2003.09.25"]
[SourceVersion "1"]
[SourceVersionDate "2003.09.25"]
[SourceQuality "1"]

1. d4 Nf6 2. c4 e6 3. Nf3 d5 4. Nc3 dxc4 {The ever nasty Vienna Variation.} 5.
e4 Bb4 6. Bg5 c5 7. e5 $6 {I have enough with this move.} ({Time to return to} 
7. Bxc4 cxd4 8. Nxd4 $13) 7... h6 8. Bd2 Bxc3 9. bxc3 Ne4 10. Bxc4 O-O 11. O-O
Nxd2 12. Qxd2 cxd4 13. cxd4 Bd7 $1 {GM Kharlov's outstanding novelty.After the
text things are not easy for white to develop an attack.} (13... Nc6 $6 14.
Rfe1 b6 15. Re4 $1 $40) 14. Rab1 Bc6 15. d5 exd5 16. Rfd1 {I remember that I
have prepared this long time ago. But my opponents next equalizes without any
problem.} Qe7 $1 (16... b6 17. Rbc1 $1 $14) 17. Bxd5 Bxd5 18. Qxd5 Nc6 19. Qd7
Rfe8 {Draw offer.} 20. e6 $1 {The only move which can keep the game going on
if he misses one exact move to achieve an immediate draw.} Qxe6 21. Qxe6 Rxe6
22. Rxb7 Rae8 $6 (22... Ne5 23. Nxe5 Rxe5 $11 {is a dead draw.}) 23. Kf1 {
Now at least we have a playable game.} Kf8 24. h4 R8e7 25. Rb5 Ke8 26. h5 $14
Re4 27. g3 R7e6 28. Rc1 Rd6 29. Rbc5 Kd7 30. R1c2 Rd1+ 31. Kg2 Rd6 32. a4 $1 a5
33. R2c4 Ree6 $2 (33... Rxc4 34. Rxc4 g5 $11 {would have kept the balance.})
34. Rb5 $14 Rf6 35. Nh2 $1 {Whites advantage is getting appearant.} Rfe6 36.
Ng4 Ke7 $2 (36... Rd2 37. Rb7+ Ke8 38. Rc7 Nd8 $14) 37. Ne3 g6 38. Ng4 $1 gxh5
39. Rxh5 $16 Kd7 40. Rf5 Ke7 41. Rcf4 Nd8 $1 {Creating the maximum resistance
by giving up the worst pawn.} (41... f6 42. Nxh6 $18) 42. Rxa5 Ra6 43. Raf5 $2
{I was abou to make my mind up between two squares for my rook. It seems that
I have chosen the wrong one. f5 square indeed beongs to my knight.} (43. Rh5
Kf8 44. Rc4 $18 (44. Ne3 Nc6)) 43... Ra7 44. Ne5 $6 {Already losing the track.}
(44. a5 Rea6 45. Re4+ Kf8 46. Ne5 Kg8 (46... Rxa5 $2 47. Nd7+ Kg7 48. Rg4+ Kh8
49. Nf6 $18) 47. Ra4 Rxa5 $140 48. Rxa5 Rxa5 49. Nxf7 $18) 44... Ke8 45. Nd3 $2
{This one looks ugly. Still I could not come up with a plan to keep my a4 pawn
and try to push it.} (45. Nc4 Kf8 46. Rd5 Nc6 47. a5 $18) 45... Rd6 46. Re4+
Kf8 47. Nf4 Raa6 48. Rb4 (48. g4 $142 Ne6 49. Nxe6+ Rxe6 50. Rxe6 Rxe6 51. a5
Re4 52. f3 Ra4 53. Kf2 $18) 48... Ra8 49. Nh5 {I have started to aimlessly
travel with my pieces around.} (49. a5 $142 Rda6 50. Rbb5 R6a7 (50... Nc6 51.
Ne6+ Kg8 52. Nc7 $18) 51. Rbc5 Ra6 52. g4 Nb7 53. Rc7 Nd8 54. Rd7 Ke8 55. Rdd5
Nc6 56. Rc5 $16) 49... Rda6 50. Rff4 Ra5 51. g4 $2 {This is the final mistake
based on miscalculation.} (51. Nf6 Ne6 52. Rg4 h5 (52... Ke7 $2 53. Ng8+ $18)
53. Rg8+ Ke7 54. Rxa8 Rxa8 55. Ne4 $16) 51... Ne6 52. Rfc4 (52. Rf6 Rxa4 53.
Rb7 Nd8 $11 {is what I have missed.}) 52... Nc5 53. Rb6 Ne6 54. Rbb4 Nc5 55.
Rb5 Ne6 56. Rb1 Nc5 57. f4 Nxa4 58. Rbc1 {Now it looks like a draw but in
mutual time trouble I rewinded my chances.} Nb6 59. Rc6 Nd5 60. Rxh6 Ra2+ 61.
Kh1 $2 {Being very low on time I have decided to play safe. I should add that
in this tournament the time control was 40 moves in 2 hours and 30 minutes
till the end. Having 3 minutes around here I was very nervous.} (61. Kg3 R8a3+
62. Kh4 Rh2+ 63. Kg5 Ra5 64. f5 $16) 61... Ra1 62. Rxa1 Rxa1+ 63. Kg2 Ra4 $6 ({
Why not} 63... Ra3) 64. Kf3 {After this moment I could not keep the game score.
} Ra3+ {A possible game continuation omitting several repetition of moves
assumingly shows this sequence.} 65. Ke4 Nc3+ 66. Ke5 Ra5+ 67. Kd4 Nd5 68. g5
Ke7 69. Ke4 Nc3+ 70. Kf3 Ra4 71. Nf6 Kf8 72. Rh8+ Ke7 73. Re8+ Kd6 74. Kg4 Ra7
$2 (74... Nb5 $8 {was the only move which prevents the exchange of knights.})
75. Ne4+ $1 Nxe4 $6 {He had to force me to find} (75... Kd7 76. Re5 $1 $18) 76.
Rxe4 Ra5 77. f5 Ra1 78. f6 $4 {Very stupid!} (78. g6 Rg1+ 79. Kh5 fxg6+ 80.
fxg6 $18) 78... Rg1+ (78... Rf1 79. Rf4 Rh1 80. Kf5 Rg1 81. Rd4+ Kc7 82. Re4
Rf1+ $11 (82... Kd6 $2 83. g6 $3 Rxg6 84. Re6+ Kd5 85. Re7 $18)) 79. Kh5 $18 {
The right direction.} Rh1+ 80. Rh4 Rg1 81. Kh6 Ke6 82. Rh2 Kf5 83. Kg7 Kxg5 84.
Kxf7 Kf5 85. Rf2+ Kg5 86. Kg7 1-0

[Event "Madrid"]
[Site "Madrid"]
[Date "1996.05.08"]
[Round "1"]
[White "Azmaiparashvili, Zurab"]
[Black "Morozevich, Alexander"]
[Result "1/2-1/2"]
[WhiteElo "2660"]
[BlackElo "2625"]
[Annotator "Azmaiparashvili"]
[PlyCount "62"]
[EventDate "1996.05.08"]
[EventType "tourn"]
[EventRounds "9"]
[EventCountry "ESP"]
[EventCategory "17"]
[SourceTitle "CBM 053"]
[Source "ChessBase"]
[SourceDate "1996.08.01"]
[SourceVersion "1"]
[SourceVersionDate "1996.08.01"]
[SourceQuality "1"]

1. Nf3 Nf6 2. c4 e6 3. d4 d5 4. Nc3 dxc4 5. e4 Bb4 6. Bg5 c5 7. Bxc4 cxd4 8.
Nxd4 Bd7 $5 $146 9. O-O (9. e5 Qa5 10. exf6 Qxg5 (10... Bxc3+ 11. bxc3 Qxc3+
12. Qd2 Qxa1+ 13. Ke2 Qxh1 14. fxg7 Rg8 15. Nf5) 11. fxg7 Rg8 12. O-O Rxg7 13.
g3 $13) 9... Nc6 10. Rc1 a6 11. a3 (11. Nxc6 Bxc6 12. Qxd8+ Rxd8 13. e5 Rd4 14.
exf6 Rg4 $1 15. f3 Rxg5 16. fxg7 Rg8) 11... Be7 (11... Bd6 12. Nf5 Bxh2+ 13.
Kxh2 exf5 14. exf5 O-O 15. Nd5 Bxf5 16. Nxf6+ gxf6 17. Qxd8 Rfxd8 18. Bxf6 $16)
12. Nf3 Ng4 13. Bxe7 (13. Bf4 Bf6 (13... e5 14. Bg3 h5) 14. Bd6 Nge5 $10) 13...
Qxe7 14. Qe2 Qf6 15. Rcd1 h5 16. h3 Nce5 $1 17. Nxe5 Qxe5 (17... Nxe5 18. Ba2
$140 {f4-e5}) 18. g3 (18. hxg4 $2 hxg4 19. f4 Qc5+) 18... Nf6 19. Qe3 h4 20. g4
(20. f4 $1 Qc7 21. Be2 hxg3 22. e5 Rxh3 (22... Nh5 23. Ne4 Bc6 24. Nd6+ Ke7 25.
f5) 23. Kg2 Rh2+ 24. Kxg3 Rxe2 25. Qxe2) 20... g5 21. Rfe1 Bc6 $6 (21... Rc8
22. Bb3 Bc6 23. Nd5 Nd7 24. Rc1) 22. Bd5 $1 (22. Nd5 Nd7) 22... Rc8 (22... exd5
23. exd5 Qxe3 24. Rxe3+) 23. Bxc6+ Rxc6 24. Qa7 O-O 25. Qxb7 Rfc8 26. Nd5 $6 (
26. Qa7 $142 R8c7 27. Qd4 Nd7 $16) 26... Kg7 $1 (26... Rc2 27. Nb4) 27. Nb4 (
27. Nxf6 Qxf6) (27. Ne7 Rc2 28. Nxc8 Qf4 29. Qb6 Nxg4 30. hxg4 Qxg4+ 31. Kh2
Qf4+ 32. Kg1 Qg4+ 33. Kh2) 27... Rc4 28. Nd3 Qa5 29. Nb4 $138 Qe5 30. Nd3 Qa5
31. Nb4 Qe5 1/2-1/2

[Event "Bundesliga 0607"]
[Site "Germany"]
[Date "2006.10.29"]
[Round "2.4"]
[White "Babula, Vlastimil"]
[Black "Ribli, Zoltan"]
[Result "1/2-1/2"]
[WhiteElo "2584"]
[BlackElo "2584"]
[Annotator "Babula/Meyer,CD"]
[PlyCount "75"]
[EventDate "2006.10.28"]
[EventType "team-tourn"]
[EventRounds "15"]
[EventCountry "GER"]
[SourceTitle "CBM 116"]
[Source "ChessBase"]
[SourceDate "2007.02.01"]
[SourceVersion "1"]
[SourceVersionDate "2007.02.01"]
[SourceQuality "1"]
[WhiteTeam "Werder Bremen"]
[BlackTeam "Tegernsee"]
[WhiteTeamCountry "GER"]
[BlackTeamCountry "GER"]

1. d4 Nf6 2. c4 e6 3. Nf3 d5 4. Nc3 dxc4 5. e4 Bb4 6. Bg5 c5 7. e5 cxd4 {
The sharp old main line of the Vienna Variation in the Queen's Gambit.
Nowadays it isn't played often as theory considers it satisfactory for Black.}
8. Qa4+ Nc6 9. O-O-O Bd7 10. Ne4 Be7 11. exf6 gxf6 12. Bh4 Rc8 13. Kb1 Na5 14.
Qc2 e5 {Everything is long-known. Now White has nothing better than to return
the piece in order to destroy Black's strong central pawn chain.} 15. Nxd4 exd4
16. Rxd4 Qb6 17. Rd5 {This rook move is only one of several interesting
possibilities and both players must know about very well.} Be6 18. Rh5 $5 {
A new attempt} (18. Qa4+ Nc6 19. Bxc4 Qb4 20. Qxb4 Nxb4 21. Bb5+ Kf8 22. Rd2
Bxa2+ 23. Ka1 Be6 24. Nxf6 Kg7 25. Nh5+ Kf8 26. Nf6 Kg7 27. Nh5+ {1/2
Khalifman,A -Ribli,Z /Groningen 1993}) 18... Bg4 (18... f5 $4 19. Qc3 $18) 19.
Qa4+ Nc6 20. Rb5 Qa6 $1 (20... Qd4 $2 21. f3 Be6 22. Bf2 Qd7 23. Bxc4 $16 {
1:0/63, Riazantsev, A - Jakovenko, D /ch-Moscow Final 2006}) 21. Qxa6 bxa6 22.
Rb7 Bf5 23. f3 O-O $2 {Simply a mistake} ({I The correct continuation is} 23...
Rg8 $1 24. Bg3 h5 (24... Rg5 $5 $13 {Khmelniker, I - Khenkin, I / ECC Fuegen
2006})) ({II Interesting, but dubious is} 23... Bc5 $6 {with the idea to trap
the Rb7. White continues namely} 24. Bxf6 $1 (24. Bxc4 $143 $6 Na5 25. Bxf6 (
25. Bxf7+ Kf8 26. Bd5 Nxb7 27. Bxb7 Rb8 28. Bxf6 Rg8 29. g4 Rxb7 30. gxf5 Rg1+
31. Rxg1 Bxg1 32. Be5 $11) 25... O-O 26. Bxa6 Nxb7 27. Bxb7 Rc7 $13) 24... O-O
25. Bc3 $5 $14 (25. g4 Bg6 26. h4 $140 Bd4) 25... Nd8 $140 26. Rd7) 24. Bxc4
$16 {Now White is clearly better, Black's pawn structure is terrible.} Na5 25.
Rxe7 Nxc4 26. Bxf6 $6 ({This gives Black some counterplay. White could avoid
it by} 26. Ka1 $142 $1 Bxe4 27. Rxe4 f5 28. Re7) 26... Rc6 27. Bc3 Na3+ 28. Kc1
Rfc8 29. Ng3 $5 {White transposes his knight to the safer square e2 to protect
the Bc3. Alternatives:} ({I} 29. Re1 $5 Kf8 (29... Nb5 $6 30. a4) 30. Rxa7 Nb5
31. Rb7 Bxe4 32. fxe4 Nxc3 33. bxc3 Rxc3+ 34. Kb1 $16) ({II Perhaps the best is
} 29. Rf1 $1 {with the idea to capture on e4 with the f-pawn, for example} Kf8
(29... Nb5 30. a4 Nxc3 31. Nxc3 Rc4 32. Rfe1 $16) 30. Rxa7 Nb5 31. Rb7 $16)
29... Be6 30. Ne2 Nb5 31. a4 $2 {After this weakening White is only slightly
better.} (31. Kb1 $142 $1 {still keeps the advantage:} Bc4 (31... Kf8 32. Rb7
Nxc3+ 33. Nxc3 Rb6 34. Rxb6 axb6 35. Rd1 $16) 32. Bd2 Bd3+ 33. Ka1 Rc2 34. Rd1
$16) 31... Nxc3 32. Nxc3 Rc4 33. Kb1 ({It deserves attention to exchange a
pair of rooks: I} 33. Rd1 $5 Rxa4 34. Rd8+ Rxd8 35. Nxa4 $14 {, but anyway
Black's bishop is a better minor piece than White's knight in the arising
ending}) ({II} 33. a5 Ra4 34. Re8+ Rxe8 35. Nxa4 Bb3 36. Nc3 Re5 37. Kd2 Rxa5
38. g4 Rc5 (38... Re5 39. Ra1 $14) 39. Re1 $14) 33... Rb4 34. Rc1 (34. Ka1 $5
Rcb8 35. Rxa7 Rxb2 36. Rb1 $14) 34... Bf5+ (34... Kf8 $5 35. Rxa7 Bf5+ 36. Ka1
(36. Ne4 $4 Rxe4 37. Rxc8+ Re8+ 38. Rc2 Rc8) 36... Rxa4+ 37. Nxa4 Rxc1+ 38. Ka2
Rc2 $14) 35. Ne4 Rcb8 36. Rc2 Rxa4 37. Rxa7 $6 {This final inaccuracy loses
the small advantage too.} (37. Re2 $142 $14) 37... Rxe4 (37... Bxe4 $6 38. fxe4
Rxe4 39. Rxa6 $14) 38. fxe4 (38. fxe4 Bxe4 39. Kc1 (39. Rxa6 $4 Rc8) 39... Bxc2
40. Kxc2 Rb6 $11) 1/2-1/2

[Event "AUT-chT 9697"]
[Site "Austria"]
[Date "1996.??.??"]
[Round "8"]
[White "Beliavsky, Alexander G"]
[Black "Lukacs, Peter"]
[Result "1-0"]
[WhiteElo "2665"]
[BlackElo "2470"]
[Annotator "Balinov,I"]
[PlyCount "47"]
[EventDate "1996.??.??"]
[EventType "team"]
[EventRounds "11"]
[EventCountry "AUT"]
[SourceTitle "CBM 057 Extra"]
[Source "ChessBase"]
[SourceDate "1997.05.01"]
[SourceVersion "1"]
[SourceVersionDate "1997.05.01"]
[SourceQuality "1"]

1. d4 {Beliavsky} Nf6 2. c4 e6 3. Nf3 d5 4. Nc3 dxc4 5. e4 Bb4 6. Bg5 c5 {Nach}
(6... b5 7. e5 h6 8. Bh4 g5 9. Nxg5 hxg5 10. Bxg5 {nimmt das Spiel einen
ähnlichen Verlauf wie im Botwinnik-System.}) 7. Bxc4 {Unklar ist} (7. e5 cxd4
8. Qa4+ Nc6 9. O-O-O) 7... cxd4 8. Nxd4 Bxc3+ 9. bxc3 Qa5 10. Bb5+ (10. Nb5 {
Ein Zug von Karpow aus seinem WM-Kampf 1993 gegen Timman} Bd7 (10... a6 {
- Kuzmin-Akopian, USSR (ch) 1993}) (10... Nxe4 11. Bf4 $146 (11. Qd4) 11... O-O
12. O-O Nd7 $5 (12... Bd7 $5 {/\ 13. Sc7 e5}) 13. Bc7) 11. Nd6+ Ke7 12. Qd2 {
/\ f4,e5} Bc6 13. f4 Nbd7 14. Rd1 $1 $36 {Karpov-Timman, Arnmem (m/6) 1993})
10... Bd7 11. Bxf6 gxf6 (11... Qxc3+ {Erzwungen, denn auf folgt} 12. Kf1 gxf6
13. Rc1 {und Weiß gewinnt.}) 12. Qb3 a6 13. Be2 Nc6 14. O-O Qc7 15. Rad1 {
Weiß steht bereits auf Gewinn.} (15. Rab1 $5 $14 {Beliavsky}) 15... Rc8 (15...
O-O {Auf folgt} 16. Rd3 {mit guten Angriffsaussichten für Weiß.}) (15... O-O $1
{Beliavsky}) 16. Qa3 $1 {/\Qa5 17.Qb2 to avoid Qtrade.} (16. Qb2 {Beliavsky}
Nxd4 17. cxd4 Qc2 $11) 16... Na5 (16... Qa5 {Beliavsky} 17. Qb2 $1 $14) (16...
Ne5 {Beliavsky} 17. f4 Nc4 18. Bxc4 Qxc4 19. Rf3 e5 (19... Qc5 $1 $13) 20. Nf5
$16) 17. Rd3 Qc5 (17... Nc4 {Beliavsky} 18. Qc1 Ke7 19. Rg3 Qa5 $13) 18. Qc1
Rg8 (18... Ke7 {Beliavsky} 19. Rfd1 (19. Kh1 Rhg8 20. f4) 19... Ba4 20. Nb3 $5
Nxb3 21. axb3 Bxb3 22. Rd7+ Ke8 23. R1d4 e5 $13) 19. Qh6 Ke7 (19... Qg5 {
Beliavsky} 20. Qh3 e5 21. Nf5 Bxf5 22. exf5 Qf4 23. Rfd1 $16) 20. Rfd1 {
Weiß hat überwältigenden Vorteil.} Rc7 (20... Ba4 {Zu hat Schwarz wegen} 21.
Nxe6 $3 Kxe6 (21... fxe6 $2 {Ebensowenig hilft} 22. Qxh7+ Kf8 (22... Ke8 {
Beliavsky} 23. Rd7 $18) 23. Rd7 Bxd7 24. Rxd7) 22. Rd6+ Qxd6 23. Rxd6+ Kxd6 24.
Qxf6+ Kc7 25. Qe5+ Kb6 26. Qd4+ {und Weiß gewinnt, keine Zeit.}) 21. Qxh7 Rgc8
{Diagramm} (21... Qg5 {Beliavsky} 22. Rg3) 22. e5 $3 fxe5 (22... Qxe5 {Oder}
23. Re3 {und Weiß gewinnt.} (23. Re3 {Beliavsky} Qg5 24. Nf5+ $18)) (22... f5 {
Beliavsky} 23. Qh4+ Ke8 24. Nxe6 fxe6 25. Bh5+) 23. Qh4+ Ke8 {[#]} (23... Kf8 {
Beliavsky} 24. Nxe6+ fxe6 (24... Bxe6 25. Rd8+ Rxd8 (25... Kg7 26. Qh8+ Kg6 27.
Bh5+ Kg5 28. h4+) 26. Rxd8+ Kg7 27. Qg5+ Kh7 28. Rg8) 25. Qf6+ Ke8 26. Bh5#)
24. Nxe6 $1 {Ein entzückender Schlußpunkt. Schwarz gab auf, denn auf} (24. Nxe6
Bxe6 {folgt} 25. Rd8+ Rxd8 26. Rxd8# {und nach}) (24. Nxe6 fxe6 25. Bh5+ {
ist der schwarze König ebenfalls einer lustigen Treibjagd ausgesetzt.}) 1-0

[Event "Rostov on Don op"]
[Site "Rostov on Don"]
[Date "1993.??.??"]
[Round "?"]
[White "Magerramov, Elmar S"]
[Black "Galliamova, Alisa"]
[Result "1-0"]
[WhiteElo "2565"]
[BlackElo "2445"]
[Annotator "Belov,I"]
[PlyCount "97"]
[EventDate "1993.05.??"]
[EventType "swiss"]
[EventRounds "9"]
[EventCountry "RUS"]
[SourceTitle "CBM 036"]
[Source "ChessBase"]
[SourceDate "1993.10.01"]
[SourceVersion "1"]
[SourceVersionDate "1993.10.01"]
[SourceQuality "1"]

1. c4 Nf6 2. Nf3 e6 3. d4 d5 4. Nc3 dxc4 5. e4 Bb4 6. Bg5 c5 7. Bxc4 cxd4 8.
Nxd4 Bxc3+ 9. bxc3 Qa5 10. Bb5+ Nbd7 (10... Bd7 11. Bxf6 gxf6 12. Qb3 O-O 13.
O-O Nc6 14. Bxc6 Bxc6 15. Nxc6 bxc6 16. Rae1 Rfd8 17. e5 $1 fxe5 18. Qc4 Rd5
19. Qg4+ Kh8 20. c4 Rc5 21. Rd1 e4 $1 22. Qxe4 Qc3 $1 $10 {Khenkin,I-Rechlis,G
Tel Aviv 1992 Inf 54/414/}) 11. Bxf6 Qxc3+ 12. Kf1 (12. Ke2 Qb2+ 13. Kf1 gxf6
14. h4 e5 15. Nb3 a6 16. Be2 Nf8 17. Qd6 Be6 18. Rd1 Rc8 19. Nc5 Qb4 20. Nxe6
Qxd6 21. Rxd6 Nxe6 $10 {Tukmakov,V-de la Villa Garcia,J Leon 1992 Inf 54/144/})
12... gxf6 13. h4 (13. Nf5 Qe5 (13... exf5 $1 14. Rc1 Qe5 15. Rxc8+ Rxc8 16.
Qxd7+ Kf8 17. Qxc8+ Kg7 18. Qxf5 Qa1+ 19. Ke2 Qxh1 20. e5 Qxg2 21. Qxf6+ Kg8
$10) 14. Nd6+ Kf8 15. g3 $1 Ke7 16. Nxc8+ Rhxc8 17. Qxd7+ Kf8 18. Rd1 Qxe4 19.
Rg1 Rd8 20. Qxd8+ Rxd8 21. Rxd8+ Ke7 22. Rd7+ $16 {Zueger,B-Costa,J Bern 1991
Inf 53/401/}) (13. Rc1 Qb4 14. h4 a6 $1 15. Ba4 Ke7 16. Rh3 Nc5 17. Bb3 Bd7 18.
Rc4 Qa5 19. Qc2 Rac8 20. Rhc3 b6 $17 {Nikolic,P-Gelfand,B Sarajevo 1991 Inf 51/
418/}) 13... a6 (13... Ke7 14. Rh3 Qa5 15. Rb1 Rd8 16. Qc1 Qb6 (16... a6 $5)
17. Rd3 $1 Nc5 18. Qa3 {Dzanzgava,L-Maljutin,E SSSR 1991 Inf 54/414/} Rd6 $1
$13) 14. Ba4 $1 $146 (14. Rh3 Qa5 15. Be2 Ke7 (15... O-O 16. Rg3+ Kh8 17. Qc1
$44) (15... Nc5 16. Nb3 $1 Nxb3 17. Qxb3 Qc7 18. Rd1 Bd7 19. Qb2 $1 $16 {
Akopian,V-Horvath,C JUG 1991 Inf 51/419/}) 16. Rc1 Rd8 17. Qc2 Ne5 18. Qb2 Rd6
$1 19. Rb3 b5 $1 $13 {Browne,W-Petursson,M St. Martin 1991 Inf 52/411/}) 14...
Ke7 (14... O-O 15. Rh3 Qc4+ 16. Kg1 Kh8 (16... Nc5 $2 17. Rg3+ Kh8 18. Qg4 $18)
17. Rc1 Qb4 18. Rhc3 $44) 15. Rh3 Qc4+ (15... Qb4 $6 16. Rb1 Qc5 (16... Qd6 17.
Rd3) 17. Bxd7 $16) 16. Kg1 Nc5 17. Bb3 Qb4 (17... Nxb3 18. axb3 Qb4 19. Rc1 Rd8
20. Rc7+ Rd7 21. Rc4 Qb6 22. Rd3 $16) 18. Rc1 Bd7 (18... Nxe4 $2 19. Rc7+ Ke8
20. Ba4+ $1 Kf8 21. Qh5 $18) 19. Re3 Rac8 20. Rc4 Qb6 21. e5 $1 fxe5 22. Rxe5
Nxb3 23. Nf5+ $2 (23. axb3 Rxc4 24. bxc4 $14) 23... Kd8 $1 $8 (23... Kf6 24.
Ne3 $1 Rxc4 (24... Kxe5 25. Ng4+ Kf5 26. Qf3+ $18) 25. Nxc4 Qd4 26. Qh5 h6 27.
axb3 Ke7 28. Ne3 $14) 24. Nd6 Rxc4 25. Nxc4 Qd4 $1 26. Qxb3 b5 $19 27. Qf3 bxc4
28. Qf6+ Kc7 29. Qxh8 c3 30. Qg7 c2 31. Qg3 Qd1+ $2 (31... c1=Q+ 32. Re1+ Qcf4
$19) 32. Re1+ Kc6 (32... Kb7 33. Qb3+ $18) 33. Qc3+ Kd6 34. f3 $16 Bb5 35. Kf2
Bd3 $2 (35... Kd7 $5) 36. Qa3+ Kc7 37. Qc1 Qxc1 $8 38. Rxc1 Kd6 (38... h6 $5)
39. Ke3 Bg6 40. h5 Bxh5 41. Rxc2 $18 Bg6 42. Rc8 Bb1 43. Ra8 e5 44. Rxa6+ Kd5
45. a4 f5 46. f4 exf4+ 47. Kxf4 h5 48. g3 Kc4 49. a5 1-0